Okres Žilina v tlači bibliografická ročenka

Bibliographic Details
Other Authors: Valachová, Milada, 1947- (Compiler)
Format: Journal
Language:Slovak
PhysicalDescription:zv.
Published: Žilina Okresná knižnica 1997-
Subjects:

MARC

LEADER 00000cas a2200000 a 4500
001 vtls001316970
003 SK-MaSNL
005 20260228163947.0
008 160401c19909999xo p b 0 0 slo
015 |a SNBSAB1997-00056 
035 |a SNK000269487 
040 |a SNK  |b slo  |c SNK  |e AACR2 
041 0 |a slo 
043 |a e-xo--- 
044 |a xo  |c SK 
072 7 |a 01  |x Bibliografia. Katalógy  |2 konspekt 
080 |a 015  |2 2011 
080 |a 050  |2 2011 
080 |a (437.641)  |2 2011 
080 |a (038)  |2 2011 
245 0 |a Okres Žilina v tlači  |b bibliografická ročenka 
260 |a Žilina  |b Okresná knižnica  |c 1997- 
300 |a zv. 
310 |a 1x ročne 
362 |a 1997- 
500 |a Zostavila: M. Valachová 
504 |a Reg. men. a predm. 
651 7 |a Žilina (Slovensko : okres)  |2 SNKPHgeo  |9 56327 
655 7 |a bibliografie  |2 SNKPH  |9 28668 
655 7 |a ročenky  |2 SNKPH  |9 57146 
700 1 |a Valachová, Milada,  |d 1947-  |4 zos  |9 192076 
850 |a Slovenská národná knižnica v Martine 
958 |a RM 
958 |a SF 
958 |a RG 
999 |c 11608  |d 13538 
952 |0 0  |1 0  |4 0  |7 0  |a SNK  |b SNK  |d 1998-01-21  |i snkKSP 558/98  |l 0  |o snkČSD 1618/4/1990  |p 17A0116832  |r 2005-01-02 00:00:00  |w 2026-02-21  |y PREZ